العالم العربى سنة 2000 / (Record no. 42546)
[ view plain ]
| 000 -الفاتح | |
|---|---|
| حقل البيانات ثابتة الطول | 00476nam a2200169Ia 4500 |
| 008 - عناصر البيانات ثابتة الطول - معلومات عامة | |
| حقل البيانات ثابتة الطول | 140319s9999 xx 000 0 ara d |
| 040 ## - مصدر الفهرسة | |
| وكالة الفهرسة الأصلية | GCL / |
| وكالة النسخ | GCL |
| 082 04 - رقم تصنيف ديوى العشرى | |
| رقم التصنيف | 320.1 |
| رقم المادة | م ع |
| 100 1# - المدخل الرئيسى - إسم شخصى | |
| الإسم الشخصى | محمد جابر الانصارى |
| 245 10 - بيان العنوان | |
| العنوان | العالم العربى سنة 2000 / |
| بيان المسئوليه,etc | محمد جابر الانصارى |
| 300 ## - الوصف المادى | |
| التعداد | 185 |
| 490 ## - بيان السلسلة | |
| عنوان السلسلة | كتاب |
| رقم المجلد/ التعيين التسلسلي | 0 |
| 650 04 - المدخل الاضافى بالموضوع-مصطلح موضوعى | |
| مصطلح موضوعي | السياسة |
| 650 04 - المدخل الاضافى بالموضوع-مصطلح موضوعى | |
| مصطلح موضوعي | السياسة الخارجية |
| 942 ## - عناصر المدخل الإضافي( كوها) | |
| مصدر التصنيف او مخطط الترفيف | Dewey Decimal Classification |
| Koha [default] item type | كتاب |
| حالة التراجع | حالة الفقد | حالة تلف | ليس للاعارة | المكان المؤقت | الموقع الحالى | تاريخ الاكتساب | اجمالي اﻻعارات | رقم الطلب | الباركود | تاريخ اخر مشاهدة | تاريخ تفعيل السعر | نوع وعاء كوها |
|---|---|---|---|---|---|---|---|---|---|---|---|---|
| مكتبة القاهرة الكبرى | مكتبة القاهرة الكبرى | 03/26/2014 | 320.1\م ع | 102793 | 03/26/2014 | 03/26/2014 | كتاب | |||||
| مكتبة القاهرة الكبرى | مكتبة القاهرة الكبرى | 03/26/2014 | 320.1\م ع | 102794 | 03/26/2014 | 03/26/2014 | كتاب | |||||
| مكتبة القاهرة الكبرى | مكتبة القاهرة الكبرى | 03/26/2014 | 320.1\م ع | 102795 | 03/26/2014 | 03/26/2014 | كتاب |

